| 000 | 01527cam a2200373 i 4500 | ||
|---|---|---|---|
| 999 |
_c330273 _d330273 |
||
| 001 | 18422995 | ||
| 003 | NUST | ||
| 005 | 20170616090925.0 | ||
| 008 | 141231s2014 pk a b 000 0 eng | ||
| 010 | _a 2014363566 | ||
| 025 | _aP-E-2014363566; 34 | ||
| 037 | _bLibrary of Congress -- Islamabad Overseas Office | ||
| 040 |
_aDLC _beng _cDLC _erda |
||
| 042 | _alcode | ||
| 043 | _aa-pk--- | ||
| 050 | 0 | 0 |
_aHQ1240.5.P18 _bG46 2014 |
| 082 | _a305.42 | ||
| 245 | 0 | 0 |
_aGender dimensions of climate change : _bclimate change, energy and women : a case study of coastal community in Sindh / _cedited by Sadia Irshad. |
| 264 | 1 |
_aLahore : _bShirkat Gah, _c2014. |
|
| 300 |
_a84 pages : _bcolor illustrations ; _c25 cm |
||
| 336 |
_atext _btxt _2rdacontent |
||
| 337 |
_aunmediated _bn _2rdamedia |
||
| 338 |
_avolume _bnc _2rdacarrier |
||
| 504 | _aIncludes bibliographical references (pages 82-84). | ||
| 650 | 0 |
_aWomen and the environment _zPakistan _zSindh. _92763 |
|
| 650 | 0 |
_aWomen _zPakistan _zSindh _xSocial conditions. _92312 |
|
| 650 | 0 |
_aWomen _zPakistan _zSindh _xEconomic conditions. _92313 |
|
| 650 | 0 |
_aHuman beings _xEffect of climate on _zPakistan _zSindh. _92764 |
|
| 650 | 0 |
_aClimatic changes _xSocial aspects _zPakistan _zSindh. _92314 |
|
| 650 | 0 |
_aClimatic changes _xEconomic aspects _zPakistan _zSindh. _92315 |
|
| 700 | 1 |
_aIrshad, Sadia, _eeditor. _92765 |
|
| 710 | 2 |
_aShirkat Gah. _92317 |
|
| 906 |
_a7 _bcbc _corigode _d3 _encip _f20 _gy-gencatlg |
||
| 942 |
_2ddc _cBK |
||